ბათუმის შოთა რუსთაველის სახელმწიფო უნივერსიტეტის ბიბლიოთეკა

Learning Radiology : (ბიბ.ჩანაწერი № 57393)

000 -LEADER
fixed length control field 00791nam a22002057a 4500
005 - DATE AND TIME OF LATEST TRANSACTION
control field 20221107103606.0
008 - FIXED-LENGTH DATA ELEMENTS--GENERAL INFORMATION
fixed length control field 200615s2020 enk||||| |||| 00| 0 eng d
020 ## - INTERNATIONAL STANDARD BOOK NUMBER
International Standard Book Number 9780323567299x
041 ## - LANGUAGE CODE
Language code of text/sound track or separate title eng
080 ## - UNIVERSAL DECIMAL CLASSIFICATION NUMBER
Universal Decimal Classification number 615.849 H-58
100 ## - MAIN ENTRY--PERSONAL NAME
Personal name Herring, W.
9 (RLIN) 8420
245 ## - TITLE STATEMENT
Title Learning Radiology :
Remainder of title Recognizing the Basics /
Statement of responsibility, etc. William Herring.
250 ## - EDITION STATEMENT
Edition statement 4th edition
264 ## - PRODUCTION, PUBLICATION, DISTRIBUTION, MANUFACTURE, AND COPYRIGHT NOTICE
Place of production, publication, distribution, manufacture Philadelphia :
Name of producer, publisher, distributor, manufacturer elsevier,
Date of production, publication, distribution, manufacture, or copyright notice 2020
300 ## - PHYSICAL DESCRIPTION
Extent 382 p.
Other physical details 28 cm.
653 ## - INDEX TERM--UNCONTROLLED
keyword სასწავლო რადიოლოგია
653 ## - INDEX TERM--UNCONTROLLED
keyword მედიცინა
856 ## - ELECTRONIC LOCATION AND ACCESS
Uniform Resource Identifier https://books.google.ge/books?id=di2GDwAAQBAJ&printsec=frontcover&dq=9780323567299&hl=en&sa=X&ved=2ahUKEwi3_KivvYPqAhUeRBUIHQtICwQQ6AEwAXoECAIQAg#v=onepage&q&f=false
Link text ელ. ვერსია pdf
942 ## - ADDED ENTRY ELEMENTS (KOHA)
Source of classification or shelving scheme
Koha item type წიგნი
ეგზემპლარები
Withdrawn status Lost status Source of classification or shelving scheme Damaged status Not for loan Permanent Location Current Location Shelving location Date acquired Cost, normal purchase price Full call number Barcode Date last seen Copy number Price effective from Koha item type Public note
          ბათუმის შოთა რუსთაველის სახელმწიფო უნივერსიტეტის მთავარი ბიბლიოთეკა ბათუმის შოთა რუსთაველის სახელმწიფო უნივერსიტეტის მთავარი ბიბლიოთეკა წიგნსაცავი 2020-06-15 153.00 615.849 H-58 60590 2020-06-15 60590 2020-06-15 წიგნი 153 ლ.